Carregant...

Economic history of India 1857-1947 /

Dades bibliogràfiques
Autor principal: Roy, Tirthankar
Format: Printed Book
Idioma:English
Publicat: New Delhi: Oxford university press, 2006.
Edició:2nd
LEADER 00513nam a2200145Ia 4500
008 121027s9999 xx 000 0 eng d
020 |a 9.7801956843e+012 
082 |a 330.954  |b TIR/E 
100 |a Roy, Tirthankar 
245 |a Economic history of India 1857-1947 / 
250 |a 2nd 
260 |a New Delhi:  |b Oxford university press,  |c 2006. 
300 |a 385 p. 
999 |c 56463  |d 56463 
952 |0 0  |1 0  |4 0  |6 330_954000000000000_TIR_E  |7 0  |9 56441  |a UL  |b UL  |c ST1  |d 2012-10-27  |l 2  |o 330.954 TIR/E  |p 81714  |r 2016-05-20  |s 2016-04-12  |w 2012-10-27  |y BK